Ο θεσμός της πατριαρχικής εξαρχίας, 14ος-19ος αιώνας

Αποθηκεύτηκε σε:
Λεπτομέρειες βιβλιογραφικής εγγραφής
Κύριος συγγραφέας: Παΐζη-Αποστολοπούλου, Μάχη
Συγγραφή απο Οργανισμό/Αρχή: Εθνικό Ιδρυμα Ερευνών. Ινστιτούτο Νεοελληνικών Ερευνών
Μορφή: Βιβλίο
Γλώσσα:Greek
Δημοσίευση: Αθήνα : Κέντρο Νεοελληνικών Ερευνών, Ε.Ι.Ε., 1995.
Σειρά:Κέντρο Νεοελληνικών Ερευνών Εθνικού Ιδρύματος Ερευνών ; 54
Θέματα:
Ετικέτες: Προσθήκη ετικέτας
Δεν υπάρχουν, Καταχωρήστε ετικέτα πρώτοι!

MARC

LEADER 00000cam a2200000 i 4500
001 1/56176
008 070926s1995 gr | ||| |||| ||gre||
020 |a 9789607094322 
020 |a 9607094328 
035 |l 10091068 
040 |a GR-MyUa  |b gre  |e AACR2 
041 0 |a gre 
082 7 |a 938.412   |2 (22) 
100 1 |a Παΐζη-Αποστολοπούλου, Μάχη. 
245 1 2 |a Ο θεσμός της πατριαρχικής εξαρχίας, 14ος-19ος αιώνας /   |c Μάχη Παΐζη-Αποστολοπούλου ; Εθνικό Ίδρυμα Ερευνών. 
260 |a Αθήνα :   |b Κέντρο Νεοελληνικών Ερευνών, Ε.Ι.Ε.,   |c 1995. 
300 |a 280 σ. :   |b 1 χάρτης ;   |c 25 εκ. 
490 1 |a (Κέντρο Νεοελληνικών Ερευνών ;   |v 54) 
500 |a Το βιβλίο αυτό αποτελεί δημοσίευμα του ερευνητικού προγράμματος "Θεσμοί και ιδεολογία στη νεοελληνική κοινωνία". 
504 |a Βιβλιογραφία: σ. 51-35. Ευρετήριο. 
650 0 |a Exarchates  |x History. 
650 0 |a Patriarchs and patriarchate  |x History. 
710 2 |a Εθνικό Ιδρυμα Ερευνών.   |b Ινστιτούτο Νεοελληνικών Ερευνών. 
830 0 |a Κέντρο Νεοελληνικών Ερευνών Εθνικού Ιδρύματος Ερευνών ;  |v 54 
852 |a INST  |b LESVOS  |e 20070926  |h 938.412 ΠΑΙ  |p 005100040944  |q 005100040944  |t BK  |y 0 
901 |a BIBL1-2007-3 
922 |a 1ΕΛΗ  |b 200708  |c ΕΠΕΑΕΚ2/ΤΚΑ  |d Σ. ΠΑΤΑΚΗΣ 
970 |a ΚΑΡΑ  |b ΓΙΑΣΕΜΗ  |z 2007/09/26